|
|
|
|
| LEADER |
01676cas a2200241 a 4500 |
| 001 |
AALejournalIMF004666 |
| 008 |
230101c9999 xx r poo 0 0eng d |
| 020 |
|
|
|c 5.00 USD
|
| 020 |
|
|
|z 9781451830064
|
| 022 |
|
|
|a 1934-7685
|
| 040 |
|
|
|a BD-DhAAL
|c BD-DhAAL
|
| 110 |
2 |
|
|a International Monetary Fund.
|
| 245 |
1 |
0 |
|a Nepal :
|b Poverty Reduction Strategy Paper Annual Progress Report; Joint Staff Advisory Note.
|
| 264 |
|
1 |
|a Washington, D.C. :
|b International Monetary Fund,
|c 2006.
|
| 300 |
|
|
|a 1 online resource (9 pages)
|
| 490 |
1 |
|
|a IMF Staff Country Reports
|
| 500 |
|
|
|a <strong>Off-Campus Access:</strong> No User ID or Password Required
|
| 500 |
|
|
|a <strong>On-Campus Access:</strong> No User ID or Password Required
|
| 506 |
|
|
|a Electronic access restricted to authorized BRAC University faculty, staff and students
|
| 520 |
3 |
|
|a This note documents slow economic growth and significant delays in reform implementation owing to continued political instability and conflict. The annual progress report (APR) reviews progress in the power sector, but does not mention some critical challenges. It outlines some progress in public sector reforms and private sector development. The APR analyzes the impact on disadvantaged groups of several government of Nepal's programs, but recognizes a decrease in spending for targeted programs. Progress has been made in finalizing and launching of a framework for monitoring and evaluation.
|
| 538 |
|
|
|a Mode of access: Internet
|
| 830 |
|
0 |
|a IMF Staff Country Reports; Country Report ;
|v No. 2006/443
|
| 856 |
4 |
0 |
|z Full text available on IMF
|u http://elibrary.imf.org/view/journals/002/2006/443/002.2006.issue-443-en.xml
|z IMF e-Library
|